[Event "XXXIV Festival Conca della Presolana Magistrale"]
[Site "Bratto - Castione della Presolana ITA"]
[Date "2014.08.28"]
[Round "7"]
[White "Ulybin, Mikhail"]
[Black "Qendro, Llambi"]
[WhiteElo "2501"]
[BlackElo "2330"]
[Result "1-0"]
[PlyCount "61"]
[EventDate "2014.08.22"]

1. e4 g6 2. d4 Bg7 3. Nc3 c6 4. Bc4 d6 5. Bb3 Nf6 6. Nf3 O-O 7. h3 Qc7 8. e5
dxe5 9. dxe5 Rd8 10. Qe2 Nd5 11. O-O Na6 12. Nxd5 cxd5 13. Bf4 Nc5 14. Rad1 Be6
15. Nd4 a5 16. c3 a4 17. Bc2 Bd7 18. a3 Qb6 19. Bc1 Ne6 20. Rfe1 Nxd4 21. Rxd4
e6 22. Rb4 Qc7 23. Bg5 Re8 24. Qe3 Ra5 25. Bf6 h5 26. Rh4 Qc5 27. Qg5 Qf8 28.
Rxh5 d4 29. Bxg6 fxg6 30. Qxg6 Rxe5 31. Bxe5 1-0

[Event "XXXIV Festival Conca della Presolana Magistrale"]
[Site "Bratto - Castione della Presolana ITA"]
[Date "2014.08.28"]
[Round "7"]
[White "Ventura, Salvatore"]
[Black "Franciosi, Fausto"]
[WhiteElo "2059"]
[BlackElo "2101"]
[Result "1/2-1/2"]
[PlyCount "47"]
[EventDate "2014.08.22"]

1. c4 Nf6 2. g3 g6 3. Bg2 Bg7 4. Nc3 O-O 5. e4 d6 6. Nge2 c5 7. d3 Nc6 8. O-O
a6 9. h3 Rb8 10. a4 Ne8 11. Be3 Nd4 12. Rb1 Nc7 13. b4 b5 14. bxc5 dxc5 15.
axb5 axb5 16. cxb5 Bd7 17. b6 Ne8 18. Bxd4 cxd4 19. Na4 Bxa4 20. Qxa4 Rxb6 21.
Qa7 Rxb1 22. Rxb1 Nd6 23. f4 e5 24. Qc5 1/2-1/2

[Event "XXXIV Festival Conca della Presolana Magistrale"]
[Site "Bratto - Castione della Presolana ITA"]
[Date "2014.08.29"]
[Round "8"]
[White "Aghayev, Miragha"]
[Black "Bonato, Mariano"]
[WhiteElo "2357"]
[BlackElo "2139"]
[Result "1-0"]
[PlyCount "67"]
[EventDate "2014.08.22"]

1. e4 e5 2. Nf3 d5 3. exd5 Bd6 4. Bb5+ Bd7 5. Qe2 Nf6 6. O-O O-O 7. Bxd7 Nbxd7
8. Nc3 Re8 9. d3 h6 10. a3 Nb6 11. Nh4 Nfxd5 12. Nf5 Nxc3 13. bxc3 Qf6 14. Qg4
Kh8 15. Rb1 Re6 16. c4 Rb8 17. Be3 Bf8 18. f4 e4 19. Bd4 Qg6 20. Qh3 exd3 21.
cxd3 Rc6 22. Kh1 Re8 23. a4 Nxa4 24. Rxb7 Qe6 25. Rxa7 Qe2 26. Rg1 Nc5 27. Nxh6
Nxd3 28. Nxf7+ Kg8 29. Ne5 Nxf4 30. Qd7 Nh5 31. Qf7+ Kh8 32. Nxc6 Re6 33. Qxf8+
Kh7 34. Qf5+ 1-0

[Event "XXXIV Festival Conca della Presolana Magistrale"]
[Site "Bratto - Castione della Presolana ITA"]
[Date "2014.08.29"]
[Round "8"]
[White "Bianco, Valerio"]
[Black "Sharma, Dinesh K."]
[WhiteElo "2058"]
[BlackElo "2359"]
[Result "0-1"]
[PlyCount "104"]
[EventDate "2014.08.22"]

1. e4 e6 2. d4 d5 3. Nc3 Bb4 4. exd5 exd5 5. Bd3 Nf6 6. Nge2 O-O 7. O-O h6 8.
a3 Be7 9. Ng3 c5 10. dxc5 Bg4 11. Be2 Bxe2 12. Ncxe2 Bxc5 13. Nd4 Re8 14. Be3
Bf8 15. Re1 Nbd7 16. Nf3 Nc5 17. Bd4 Nce4 18. Nf5 Qd7 19. Ne3 a6 20. c4 dxc4
21. Nxc4 Rad8 22. Ne3 Qb5 23. Qe2 Qxe2 24. Rxe2 Re6 25. Rc1 Red6 26. Be5 R6d7
27. Rec2 Nd5 28. Nxd5 Rxd5 29. g3 Nc5 30. Bc7 R8d7 31. Bb6 Ne6 32. Be3 g5 33.
h3 f5 34. Re1 Bg7 35. Kg2 Kf7 36. Rce2 Rd1 37. Kf1 Rxe1+ 38. Kxe1 Rd3 39. Ng1
Rb3 40. Bc1 Nd4 41. Rd2 Bf6 42. Kd1 Ke6 43. Ne2 Nf3 44. Rc2 Rd3+ 45. Bd2 Rxd2+
46. Rxd2 Nxd2 47. Kxd2 Bxb2 48. a4 Kd5 49. Kc2 Bd4 50. f3 Kc4 51. h4 Bf6 52.
hxg5 hxg5 0-1

[Event "XXXIV Festival Conca della Presolana Magistrale"]
[Site "Bratto - Castione della Presolana ITA"]
[Date "2014.08.29"]
[Round "8"]
[White "Bresciani, Nicola"]
[Black "Qendro, Llambi"]
[WhiteElo "2226"]
[BlackElo "2330"]
[Result "1/2-1/2"]
[PlyCount "52"]
[EventDate "2014.08.22"]

1. e4 g6 2. d4 Bg7 3. Nf3 d6 4. Nc3 Nf6 5. h3 O-O 6. Be3 c6 7. a4 a5 8. Qd2 Na6
9. Bxa6 Rxa6 10. Bh6 e5 11. Bxg7 Kxg7 12. O-O-O Qe7 13. dxe5 dxe5 14. Qd6 Re8
15. Qxe7 Rxe7 16. Rd8 Bd7 17. Rd1 Be8 18. R1d6 Ra7 19. Rb8 b5 20. axb5 cxb5 21.
Nxb5 Bxb5 22. Rxb5 Nxe4 23. Rdd5 f6 24. Rxa5 Rxa5 25. Rxa5 Nxf2 26. Kd2 Ne4+
1/2-1/2

[Event "XXXIV Festival Conca della Presolana Magistrale"]
[Site "Bratto - Castione della Presolana ITA"]
[Date "2014.08.29"]
[Round "8"]
[White "Castaldo, Folco"]
[Black "Stopa, Jacek"]
[WhiteElo "2436"]
[BlackElo "2498"]
[Result "0-1"]
[PlyCount "48"]
[EventDate "2014.08.22"]

1. g3 g6 2. Bg2 Bg7 3. d4 c5 4. dxc5 Na6 5. e4 Nxc5 6. Ne2 d6 7. O-O Bd7 8. Re1
Nf6 9. Nbc3 O-O 10. Nf4 Rc8 11. a4 Ng4 12. Nfd5 Ne5 13. h3 Re8 14. Ne3 Nc6 15.
Ncd5 Nd4 16. Nc3 b6 17. Ra3 a5 18. Bd2 Bc6 19. b3 e6 20. Nc4 Qc7 21. Bf4 Red8
22. Be3 e5 23. Ne2 d5 24. Nxd4 dxc4 0-1

[Event "XXXIV Festival Conca della Presolana Magistrale"]
[Site "Bratto - Castione della Presolana ITA"]
[Date "2014.08.29"]
[Round "8"]
[White "Cattaneo, Marco"]
[Black "Murgia, Andrea"]
[WhiteElo "2151"]
[BlackElo "1967"]
[Result "1-0"]
[PlyCount "49"]
[EventDate "2014.08.22"]

1. d4 f5 2. Nc3 g6 3. h4 Bg7 4. h5 c5 5. d5 d6 6. e4 Qa5 7. Bd2 Nh6 8. Bd3 c4
9. Bxc4 Ng4 10. hxg6 Nxf2 11. Bb5+ Kd8 12. Kxf2 fxe4 13. g3 Bd4+ 14. Kg2 e3 15.
Be1 Bxc3 16. Bxc3 Rf8 17. Qf1 Qxb5 18. Qxf8+ Kc7 19. Qxe7+ Bd7 20. gxh7 Qxd5+
21. Nf3 Nc6 22. Qxe3 Rf8 23. h8=Q Rf5 24. Rad1 Qf7 25. Rh7 1-0

[Event "XXXIV Festival Conca della Presolana Magistrale"]
[Site "Bratto - Castione della Presolana ITA"]
[Date "2014.08.29"]
[Round "8"]
[White "Cebalo, Miso"]
[Black "Ferro, Mario"]
[WhiteElo "2401"]
[BlackElo "2242"]
[Result "0-1"]
[PlyCount "66"]
[EventDate "2014.08.22"]

1. d4 c5 2. d5 Nf6 3. Nc3 d6 4. Bg5 Nbd7 5. e4 a6 6. a4 h6 7. Be3 g5 8. h4 g4
9. Nge2 Ne5 10. Ng3 b6 11. Be2 Bg7 12. Qd2 Bd7 13. h5 c4 14. O-O b5 15. axb5
axb5 16. b4 Kf8 17. Bd4 Kg8 18. Rxa8 Qxa8 19. Nd1 Kh7 20. Ne3 Qb7 21. Bxe5 dxe5
22. Qc3 Qc7 23. Ra1 Rg8 24. Ra5 Bf8 25. Qa3 e6 26. Ra6 Be7 27. c3 exd5 28. exd5
e4 29. Nef5 Bxf5 30. Nxf5 Qe5 31. Nxe7 e3 32. fxe3 Qxe3+ 33. Kh1 Rg5 0-1

[Event "XXXIV Festival Conca della Presolana Magistrale"]
[Site "Bratto - Castione della Presolana ITA"]
[Date "2014.08.29"]
[Round "8"]
[White "Ceccarini, Marco"]
[Black "Garofalo, Pietro"]
[WhiteElo "2094"]
[BlackElo "2073"]
[Result "1-0"]
[PlyCount "72"]
[EventDate "2014.08.22"]

1. e4 e6 2. d4 d5 3. Nc3 Bb4 4. e5 Ne7 5. a3 Bxc3+ 6. bxc3 b6 7. Qg4 Nf5 8. Bd3
h5 9. Qf3 Qd7 10. Nh3 g6 11. O-O Ba6 12. Re1 Bxd3 13. cxd3 Qa4 14. Bg5 Nd7 15.
Nf4 c6 16. h3 Nf8 17. g4 hxg4 18. hxg4 Ne7 19. Bxe7 Kxe7 20. Nxd5+ cxd5 21.
Qf6+ Ke8 22. Qxh8 Qc2 23. Qh6 Qxd3 24. Qe3 Qc4 25. f4 Rc8 26. Rac1 Kd7 27. Qf3
Kc7 28. Qf1 Nd7 29. Qxc4+ dxc4 30. f5 gxf5 31. gxf5 exf5 32. Rf1 Rg8+ 33. Kf2
f6 34. e6 Nf8 35. Rce1 Ng6 36. Rg1 Kd8 1-0

[Event "XXXIV Festival Conca della Presolana Magistrale"]
[Site "Bratto - Castione della Presolana ITA"]
[Date "2014.08.29"]
[Round "8"]
[White "Cugini, Verter"]
[Black "Pitzanti, Matteo"]
[WhiteElo "2079"]
[BlackElo "1967"]
[Result "0-1"]
[PlyCount "52"]
[EventDate "2014.08.22"]

1. e4 c6 2. c4 d5 3. cxd5 cxd5 4. exd5 Nf6 5. Bb5+ Nbd7 6. Nc3 g6 7. Nge2 Bg7
8. Nf4 O-O 9. Bxd7 Qxd7 10. O-O b5 11. Qb3 Rb8 12. a4 b4 13. Nb5 a6 14. Nd4
Nxd5 15. Qxd5 Bxd4 16. Qxd7 Bxd7 17. Ne2 Bg7 18. d4 Rbc8 19. Rd1 Rc2 20. Nf4
Bc6 21. d5 Bb7 22. Nd3 a5 23. Rb1 Rd8 24. Bg5 Rxd5 25. Bxe7 Rc7 26. Bh4 Rcd7
0-1

[Event "XXXIV Festival Conca della Presolana Magistrale"]
[Site "Bratto - Castione della Presolana ITA"]
[Date "2014.08.29"]
[Round "8"]
[White "David, Alberto"]
[Black "Janev, Evgeni"]
[WhiteElo "2565"]
[BlackElo "2439"]
[Result "1-0"]
[PlyCount "119"]
[EventDate "2014.08.22"]

1. c4 g6 2. d4 Bg7 3. g3 c6 4. Nf3 d6 5. Bg2 Bg4 6. Nc3 Qb6 7. e3 Nf6 8. O-O
O-O 9. h3 Bxf3 10. Qxf3 Nbd7 11. Rd1 Rfe8 12. Rb1 Qb4 13. Bf1 e5 14. Bd2 Qb6
15. Na4 Qc7 16. b4 exd4 17. exd4 Ne4 18. Bf4 Nb6 19. Nc5 f5 20. Nxe4 fxe4 21.
Qb3 Qd7 22. c5+ Nd5 23. Bc4 Qf5 24. cxd6 Kh8 25. Bxd5 cxd5 26. Rbc1 g5 27. Be3
Rad8 28. g4 Qe6 29. Bxg5 Rxd6 30. Rc7 Rf8 31. Qg3 Ra6 32. Rd2 Kg8 33. b5 Ra4
34. Be3 Qb6 35. Rc5 Qe6 36. Qh4 b6 37. Rc7 Rc4 38. Rc2 Rxc2 39. Rxc2 Qd7 40.
Rc6 Qf7 41. Qg5 Qd7 42. a4 Kh8 43. Qh5 Rf3 44. Qh4 Kg8 45. Kg2 Kh8 46. g5 Kg8
47. Qh5 Rf5 48. Qg4 Kh8 49. Kg1 Kg8 50. h4 Kf8 51. h5 Ke8 52. Qg3 Qd8 53. Qg4
Qd7 54. h6 Bf8 55. Qg3 Be7 56. g6 Rf3 57. Qb8+ Bd8 58. Qe5+ Be7 59. Re6 Rf6 60.
Qxf6 1-0

[Event "XXXIV Festival Conca della Presolana Magistrale"]
[Site "Bratto - Castione della Presolana ITA"]
[Date "2014.08.29"]
[Round "8"]
[White "Franciosi, Fausto"]
[Black "Scagliotti, Mauro"]
[WhiteElo "2101"]
[BlackElo "2043"]
[Result "1-0"]
[PlyCount "63"]
[EventDate "2014.08.22"]

1. d4 d5 2. c4 e6 3. Nc3 Nf6 4. cxd5 exd5 5. Bg5 Be7 6. Qc2 O-O 7. e3 c6 8. Bd3
Nbd7 9. Nge2 Re8 10. f3 Nf8 11. Bh4 g6 12. Rd1 Ne6 13. Bf2 Bd7 14. O-O Rc8 15.
Qd2 c5 16. dxc5 Bxc5 17. Bc2 Bc6 18. Bb3 Qb6 19. Nd4 Nxd4 20. exd4 Bb4 21. Rfe1
Qa5 22. Qg5 Bxc3 23. bxc3 Nd7 24. c4 f6 25. cxd5 fxg5 26. dxc6+ Kf8 27. cxd7
Rcd8 28. dxe8=Q+ Rxe8 29. d5 b6 30. d6 Rd8 31. Re7 Qc3 32. Rf7+ 1-0

[Event "XXXIV Festival Conca della Presolana Magistrale"]
[Site "Bratto - Castione della Presolana ITA"]
[Date "2014.08.29"]
[Round "8"]
[White "Gleizerov, Evgeny"]
[Black "Czakon, Jakub"]
[WhiteElo "2552"]
[BlackElo "2474"]
[Result "1/2-1/2"]
[PlyCount "98"]
[EventDate "2014.08.22"]

1. d4 f5 2. g3 Nf6 3. Bg2 g6 4. c4 Bg7 5. Nc3 O-O 6. Nh3 d6 7. d5 Na6 8. O-O
Nc5 9. Qc2 e5 10. dxe6 c6 11. b3 Qe7 12. Ba3 Bxe6 13. Ng5 Rad8 14. Nxe6 Qxe6
15. Rad1 Rfe8 16. e3 Nce4 17. Nxe4 Nxe4 18. Rd3 Rd7 19. Rfd1 Red8 20. Bb2 d5
21. Bf1 Ng5 22. Be2 Qe4 23. f3 Nxf3+ 24. Bxf3 Qxf3 25. Bxg7 Kxg7 26. Qc3+ Kf7
27. Qd4 dxc4 28. Qxd7+ Rxd7 29. Rxd7+ Kf6 30. bxc4 Qxe3+ 31. Kf1 Qe4 32. Kg1
Qxc4 33. Rxb7 Qxa2 34. Rd6+ Kg5 35. Rxc6 a5 36. Rcb6 Kg4 37. Rb2 Qd5 38. Rxh7
g5 39. Rf2 a4 40. Ra7 Qe4 41. Rg7 Qd4 42. Rg6 a3 43. Ra6 Qd3 44. Ra7 f4 45.
gxf4 gxf4 46. h3+ Kh4 47. Rxf4+ Kxh3 48. Rxa3 Qxa3 49. Rf3+ Qxf3 1/2-1/2

[Event "XXXIV Festival Conca della Presolana Magistrale"]
[Site "Bratto - Castione della Presolana ITA"]
[Date "2014.08.29"]
[Round "8"]
[White "Harshal, Shahi"]
[Black "Bonassi, Tommaso"]
[WhiteElo "2159"]
[BlackElo "2012"]
[Result "1-0"]
[PlyCount "57"]
[EventDate "2014.08.22"]

1. e4 c5 2. Nf3 e6 3. d4 cxd4 4. Nxd4 Nf6 5. Bd3 Nc6 6. Nxc6 bxc6 7. O-O d5 8.
Nd2 Be7 9. c4 O-O 10. Qe2 Nd7 11. exd5 exd5 12. cxd5 cxd5 13. Nb3 Re8 14. Qc2
g6 15. Bf4 Bf6 16. Bc7 Qe7 17. Qc6 Nb6 18. Bd6 Qd8 19. Nc5 Be5 20. Bxe5 Rxe5
21. f4 Re7 22. f5 Bd7 23. Qf6 Rc8 24. fxg6 hxg6 25. Rae1 Rxe1 26. Qxf7+ Kh8 27.
Rxe1 Rxc5 28. Re7 Qg8 29. Qf6+ 1-0

[Event "XXXIV Festival Conca della Presolana Magistrale"]
[Site "Bratto - Castione della Presolana ITA"]
[Date "2014.08.29"]
[Round "8"]
[White "Kohlweyer, Bernd"]
[Black "Sulava, Nenad"]
[WhiteElo "2422"]
[BlackElo "2462"]
[Result "1/2-1/2"]
[PlyCount "38"]
[EventDate "2014.08.22"]

1. d4 e6 2. c4 Bb4+ 3. Bd2 Qe7 4. e3 Nf6 5. Bd3 Bxd2+ 6. Qxd2 c5 7. Nf3 b6 8.
dxc5 Qxc5 9. Nc3 Bb7 10. Be2 O-O 11. O-O Rd8 12. Rac1 Qe7 13. Nd4 Na6 14. Bf3
Bxf3 15. Nxf3 Rac8 16. b3 Nc5 17. Qe2 Nce4 18. Nxe4 Nxe4 19. Qd3 Nc5 1/2-1/2

[Event "XXXIV Festival Conca della Presolana Magistrale"]
[Site "Bratto - Castione della Presolana ITA"]
[Date "2014.08.29"]
[Round "8"]
[White "Locatelli, Andrea"]
[Black "Sveshnikov, Vladimir"]
[WhiteElo "2138"]
[BlackElo "2380"]
[Result "0-1"]
[PlyCount "56"]
[EventDate "2014.08.22"]

1. e4 Nf6 2. e5 Nd5 3. d4 d6 4. Nf3 dxe5 5. Nxe5 c6 6. Be2 Bf5 7. O-O Nd7 8. g4
Nxe5 9. gxf5 Nd7 10. c4 N5f6 11. Nc3 g6 12. Qd3 gxf5 13. Qxf5 Rg8+ 14. Kh1 e6
15. Qh3 Bb4 16. Bf4 Qa5 17. c5 Bxc3 18. bxc3 Nd5 19. Bd2 O-O-O 20. a4 Qc7 21.
Qh4 Nf8 22. f4 Ng6 23. Qf2 f5 24. a5 a6 25. Bd3 Rd7 26. Rab1 Rdg7 27. c4 Ndxf4
28. Bxf4 Nxf4 0-1

[Event "XXXIV Festival Conca della Presolana Magistrale"]
[Site "Bratto - Castione della Presolana ITA"]
[Date "2014.08.29"]
[Round "8"]
[White "Magrini, Fabrizio"]
[Black "Roeder, Matthias"]
[WhiteElo "2198"]
[BlackElo "2422"]
[Result "0-1"]
[PlyCount "110"]
[EventDate "2014.08.22"]

1. e4 c5 2. Nf3 d6 3. d4 cxd4 4. Nxd4 Nf6 5. Nc3 a6 6. Bg5 e6 7. f4 h6 8. Bh4
Qb6 9. Qd3 Qxb2 10. Rb1 Qa3 11. f5 Be7 12. fxe6 fxe6 13. Be2 O-O 14. O-O Kh8
15. Kh1 e5 16. Nf5 Bxf5 17. Rxf5 Nbd7 18. Qh3 Rac8 19. Rf3 b5 20. Rbf1 Qc5 21.
Bg5 Rf7 22. Nd5 Rcf8 23. Nxe7 Rxe7 24. Bd3 Ref7 25. g4 Qc6 26. Kg1 Kg8 27. Bc1
Nxe4 28. Rxf7 Rxf7 29. Rxf7 Kxf7 30. Qf3+ Ndf6 31. h4 d5 32. g5 hxg5 33. hxg5
Nxg5 34. Bxg5 e4 35. Qf5 exd3 36. Bxf6 gxf6 37. cxd3 Qc1+ 38. Kf2 Qb2+ 39. Kf3
Qe5 40. Qh7+ Ke6 41. Qg8+ Kd7 42. Qf7+ Kc6 43. Qa7 Qf5+ 44. Ke2 Qg4+ 45. Kd2
Qb4+ 46. Ke2 Qb2+ 47. Ke3 Qc1+ 48. Kf3 Qd1+ 49. Kf4 Qf1+ 50. Kg4 Qe2+ 51. Kf4
Qxd3 52. Qxa6+ Kc5 53. Qa7+ Kb4 54. Qe7+ Kc3 55. Qa3+ Kc2 0-1

[Event "XXXIV Festival Conca della Presolana Magistrale"]
[Site "Bratto - Castione della Presolana ITA"]
[Date "2014.08.29"]
[Round "8"]
[White "Nicolo', Filippo"]
[Black "Attuati, Stefano"]
[WhiteElo "2066"]
[BlackElo "2006"]
[Result "0-1"]
[PlyCount "70"]
[EventDate "2014.08.22"]

1. e4 Nf6 2. e5 Nd5 3. d4 d6 4. Bc4 c6 5. Bb3 Bf5 6. Ne2 dxe5 7. dxe5 Nd7 8.
Nd4 e6 9. Nxf5 exf5 10. Bxd5 Qa5+ 11. Nc3 cxd5 12. O-O O-O-O 13. Bf4 Nc5 14.
Ne2 Ne4 15. c3 g5 16. Be3 f4 17. Bd4 Qc7 18. f3 Nc5 19. e6 Rg8 20. exf7 Qxf7
21. b4 Ne6 22. Bxa7 g4 23. Nd4 g3 24. h3 Ng5 25. Qd3 Qc7 26. Qf5+ Rd7 27. Bc5
Bxc5 28. bxc5 Qxc5 29. Qxf4 Rf7 30. Qg4+ Kb8 31. Qxg3+ Ka8 32. Kh1 Rfg7 33. Qe5
Qc8 34. Qf5 Qxc3 35. Rae1 Qxd4 0-1

[Event "XXXIV Festival Conca della Presolana Magistrale"]
[Site "Bratto - Castione della Presolana ITA"]
[Date "2014.08.29"]
[Round "8"]
[White "Podini, Francesco"]
[Black "Lavorgna, Giovanni"]
[WhiteElo "2031"]
[BlackElo "1962"]
[Result "0-1"]
[PlyCount "116"]
[EventDate "2014.08.22"]

1. c4 Nf6 2. Nc3 e5 3. g3 Nc6 4. Bg2 Bb4 5. e4 O-O 6. Nge2 d6 7. O-O Bg4 8. h3
Bh5 9. g4 Bg6 10. d3 Nd7 11. a3 Bc5 12. b4 Bb6 13. Nd5 Ne7 14. Nxb6 axb6 15.
Be3 Nc6 16. Qc2 Re8 17. b5 Ne7 18. f4 exf4 19. Nxf4 Nc5 20. a4 Ne6 21. Nxg6
Nxg6 22. Qf2 Qe7 23. Qc2 Nc5 24. Rfe1 h6 25. d4 Ne6 26. e5 dxe5 27. Bxb7 Qh4
28. Bxa8 Rxa8 29. Qg2 Rd8 30. Bf2 Qg5 31. d5 Nef4 32. Qg3 Qf6 33. a5 bxa5 34.
Rxa5 Qd6 35. Qc3 Re8 36. Ra6 Qe7 37. Rc6 e4 38. Qg3 Qb4 39. Qe3 Nd3 40. Rd1
Ngf4 41. Bg3 g5 42. Bxf4 Nxf4 43. Rxc7 Qb2 44. Rd2 Qb1+ 45. Kh2 Ra8 46. Ra7 Rc8
47. Ra4 Qf1 48. d6 Rd8 49. Ra6 Qxc4 50. d7 Ne6 51. Rb6 Qc7+ 52. Rbd6 Rxd7 53.
b6 Qb8 54. Qg3 Rb7 55. Rb2 Nf4 56. Qa3 Nd3 57. Rb1 Rd7 58. b7 Rxd6 0-1

[Event "XXXIV Festival Conca della Presolana Magistrale"]
[Site "Bratto - Castione della Presolana ITA"]
[Date "2014.08.29"]
[Round "8"]
[White "Rambaldi, Francesco"]
[Black "Ulybin, Mikhail"]
[WhiteElo "2444"]
[BlackElo "2501"]
[Result "0-1"]
[PlyCount "110"]
[EventDate "2014.08.22"]

1. e4 e6 2. d4 d5 3. Nd2 Nf6 4. e5 Nfd7 5. Bd3 c5 6. c3 Nc6 7. Ne2 cxd4 8. cxd4
f6 9. exf6 Nxf6 10. Nf3 Bd6 11. O-O Qc7 12. h3 O-O 13. Be3 Bd7 14. Re1 Rae8 15.
Rc1 Qb8 16. Nc3 a6 17. a3 Kh8 18. Na4 e5 19. dxe5 Nxe5 20. Nxe5 Bxe5 21. Nc5
Bc8 22. b4 Bf4 23. Bxf4 Qxf4 24. Rxe8 Rxe8 25. Rc2 Kg8 26. Re2 Rxe2 27. Bxe2
Kf7 28. Bf3 Ke7 29. Qc2 Kd8 30. Qd3 Qe5 31. g3 b6 32. Na4 Bxh3 33. Kh2 Ng4+ 34.
Bxg4 Bxg4 35. Qxh7 Kc7 36. Qd3 Be2 37. Qc2+ Kb7 38. Kg2 d4 39. f3 Bb5 40. Nb2
Bc6 41. Qc4 g5 42. Qf7+ Kb8 43. Kh3 Qe2 44. Qf8+ Kc7 45. Kg4 Qxb2 46. Qg7+ Bd7+
47. Kxg5 Qd2+ 48. f4 Qe3 49. g4 d3 50. Qc3+ Kb7 51. Qg7 Qe6 52. Qd4 Qxg4+ 53.
Kf6 Qf5+ 54. Ke7 Qe6+ 55. Kf8 Be8 0-1

[Event "XXXIV Festival Conca della Presolana Magistrale"]
[Site "Bratto - Castione della Presolana ITA"]
[Date "2014.08.29"]
[Round "8"]
[White "Ranieri, Fabrizio"]
[Black "Gilevych, Artem"]
[WhiteElo "2247"]
[BlackElo "2362"]
[Result "1/2-1/2"]
[PlyCount "57"]
[EventDate "2014.08.22"]

1. e4 e6 2. d4 d5 3. Nc3 Bb4 4. a3 Bxc3+ 5. bxc3 dxe4 6. Qg4 Nf6 7. Qxg7 Rg8 8.
Qh6 Rg6 9. Qh4 c5 10. Ne2 Nbd7 11. Bd2 b6 12. Nf4 Rg4 13. Qh6 Bb7 14. Bb5 Qe7
15. dxc5 bxc5 16. h3 Rg8 17. Nh5 O-O-O 18. Nxf6 Nxf6 19. Be3 Rg6 20. Qh4 Rxg2
21. Ke2 Rd5 22. Rhg1 Rh5 23. Qxh5 Rxg1 24. Qe5 Rxa1 25. Bf4 Kd8 26. Bg5 Kc8 27.
Bf4 Kd8 28. Bg5 Kc8 29. Bf4 1/2-1/2

[Event "XXXIV Festival Conca della Presolana Magistrale"]
[Site "Bratto - Castione della Presolana ITA"]
[Date "2014.08.29"]
[Round "8"]
[White "Razzano, Lorenzo"]
[Black "Gentili, Gianguido"]
[WhiteElo "1990"]
[BlackElo "2099"]
[Result "0-1"]
[PlyCount "136"]
[EventDate "2014.08.22"]

1. e4 d6 2. d4 Nf6 3. Nc3 Nbd7 4. Nf3 e5 5. h3 Be7 6. Be3 c6 7. a4 a5 8. Be2
Qc7 9. Qd2 O-O 10. O-O Re8 11. Rfd1 Bf8 12. dxe5 dxe5 13. Nh2 Nc5 14. Bf3 Be6
15. Qe2 Nfd7 16. Bg4 Nf6 17. Bxe6 Nxe6 18. Ng4 Nxg4 19. hxg4 Bc5 20. Bxc5 Nxc5
21. Qe3 Ne6 22. Ne2 Rad8 23. g3 Rxd1+ 24. Rxd1 Rd8 25. Rd3 Rxd3 26. Qxd3 h6 27.
b3 Kf8 28. Kg2 Ke7 29. Qd2 Qb6 30. Qc3 Qc5 31. Qxc5+ Nxc5 32. Kf3 Kd6 33. Ke3
Ne6 34. Kd3 Kc5 35. Nc3 Nd4 36. Nb1 b5 37. Nd2 Ne6 38. Kc3 f6 39. Nb1 g6 40.
Nd2 Ng5 41. f4 exf4 42. gxf4 Nh3 43. f5 gxf5 44. exf5 Nf2 45. Nf1 Nxg4 46. Ng3
Kd5 47. Kd3 Ke5 48. b4 bxa4 49. bxa5 Kd6 50. Kc4 Ne3+ 51. Kb4 Nxc2+ 52. Kxa4
Nd4 53. Kb4 c5+ 54. Kc4 Kc6 55. a6 Nb5 56. Nh5 Nd6+ 57. Kd3 Nxf5 58. Nxf6 Nd6
59. Nd7 c4+ 60. Kd2 Nb5 61. Ne5+ Kd5 62. Nxc4 Kxc4 63. Ke3 Kd5 64. Kf4 Kc6 65.
Kf5 Nd6+ 66. Ke6 Nf7 67. Kxf7 h5 68. Ke6 h4 0-1

[Event "XXXIV Festival Conca della Presolana Magistrale"]
[Site "Bratto - Castione della Presolana ITA"]
[Date "2014.08.29"]
[Round "8"]
[White "Steingrimsson, Hedinn"]
[Black "Pakleza, Zbigniew"]
[WhiteElo "2536"]
[BlackElo "2498"]
[Result "1/2-1/2"]
[PlyCount "40"]
[EventDate "2014.08.22"]

1. d4 d5 2. c4 c6 3. Nf3 Nf6 4. Nc3 dxc4 5. a4 Bf5 6. Nh4 Bc8 7. Nf3 Bf5 8. e3
e6 9. Bxc4 Bb4 10. O-O O-O 11. Nh4 Bg4 12. Qb3 a5 13. Na2 Na6 14. f3 Bh5 15. g4
Nxg4 16. fxg4 Qxh4 17. gxh5 Qg4+ 18. Kh1 Qe4+ 19. Kg1 Qg4+ 20. Kf2 Qh4+ 1/2-1/2

[Event "XXXIV Festival Conca della Presolana Magistrale"]
[Site "Bratto - Castione della Presolana ITA"]
[Date "2014.08.29"]
[Round "8"]
[White "Sveshnikov, Evgeny E."]
[Black "Hunt, Adam C."]
[WhiteElo "2502"]
[BlackElo "2428"]
[Result "1/2-1/2"]
[PlyCount "37"]
[EventDate "2014.08.22"]

1. e4 c5 2. c3 Nf6 3. e5 Nd5 4. Nf3 e6 5. Bc4 d6 6. d4 cxd4 7. cxd4 Nc6 8. O-O
Be7 9. Qe2 O-O 10. Rd1 Bd7 11. Bxd5 exd5 12. Nc3 Be6 13. Bf4 a6 14. h3 Rc8 15.
Qe3 Re8 16. Rac1 h6 17. Ne2 Bf8 18. Qb3 Na5 19. Rxc8 1/2-1/2

[Event "XXXIV Festival Conca della Presolana Magistrale"]
[Site "Bratto - Castione della Presolana ITA"]
[Date "2014.08.29"]
[Round "8"]
[White "Valenti, Giuseppe"]
[Black "Ranfagni, Stefano"]
[WhiteElo "2153"]
[BlackElo "2042"]
[Result "0-1"]
[PlyCount "44"]
[EventDate "2014.08.22"]

1. e4 e6 2. d4 d5 3. Nd2 Nf6 4. e5 Nfd7 5. Bd3 c5 6. c3 Nc6 7. Ne2 cxd4 8. cxd4
f6 9. exf6 Nxf6 10. Nf3 Bd6 11. O-O O-O 12. Bf4 Bxf4 13. Nxf4 Ne4 14. Qc1 Ng5
15. Nxg5 Qxg5 16. Ne2 Qf6 17. Qe3 e5 18. dxe5 Nxe5 19. b3 Bd7 20. Rac1 Rae8 21.
f3 a6 22. Rfe1 Nxf3+ 0-1

[Event "XXXIV Festival Conca della Presolana Magistrale"]
[Site "Bratto - Castione della Presolana ITA"]
[Date "2014.08.29"]
[Round "8"]
[White "Ventura, Salvatore"]
[Black "Ricci, Marco"]
[WhiteElo "2059"]
[BlackElo "2061"]
[Result "1/2-1/2"]
[PlyCount "39"]
[EventDate "2014.08.22"]

1. c4 e5 2. g3 Nf6 3. Bg2 d5 4. cxd5 Nxd5 5. Nc3 Nb6 6. Nf3 Nc6 7. O-O Be7 8.
d3 O-O 9. a4 a5 10. Be3 Be6 11. Rc1 Nd5 12. Nxd5 Bxd5 13. Bc5 f6 14. Bxe7 Nxe7
15. Nd2 Bxg2 16. Kxg2 Qd5+ 17. Kg1 Rac8 18. Qb3 Qxb3 19. Nxb3 b6 20. Nd2
1/2-1/2

[Event "XXXIV Festival Conca della Presolana Magistrale"]
[Site "Bratto - Castione della Presolana ITA"]
[Date "2014.08.30"]
[Round "9"]
[White "Attuati, Stefano"]
[Black "Harshal, Shahi"]
[WhiteElo "2006"]
[BlackElo "2159"]
[Result "0-1"]
[PlyCount "40"]
[EventDate "2014.08.22"]

1. e4 c5 2. Nf3 e6 3. d4 cxd4 4. Nxd4 Nc6 5. Nc3 Qc7 6. Ndb5 Qb8 7. a4 a6 8.
Na3 Nf6 9. Be3 Bb4 10. Nc4 Nxe4 11. Qg4 Nxc3 12. Qxg7 Nd5+ 13. c3 Rf8 14. Bh6
Be7 15. Bd3 b5 16. Nd2 Nf6 17. Bxh7 Qe5+ 18. Ne4 Nxh7 19. Qxh7 Rh8 20. Qg7
Qxe4+ 0-1